| 000 | 00695nam a2200229 a 4500 | ||
|---|---|---|---|
| 001 | 22410 | ||
| 003 | BD-RjUL | ||
| 005 | 20211209000813.0 | ||
| 008 | 500101s1895 enk 000 0 eng d | ||
| 035 | _a(BD-RjUL)22475 | ||
| 040 |
_aBD-RjUL _beng _cBD-RjUL |
||
| 041 | _aeng | ||
| 082 |
_223 _a215 _bROT 1895 |
||
| 100 | 1 |
_a Romanes, George John _9222823 |
|
| 245 | 1 | 0 |
_aThoughts on religion / _cby George John Romanes ; ed. by Charles Gore |
| 260 |
_aLondon : _bLongmans, Green, and Co, _c1895 |
||
| 300 |
_a184 p. ; _c20 cm |
||
| 650 | 0 |
_aNatural theology _9222824 |
|
| 650 | 0 |
_aReligion and science _xHistory. _9222825 |
|
| 700 | 1 |
_aGore, Charles, _d1853-1932. ed. _9222826 |
|
| 942 |
_2ddc _cRAR |
||
| 999 |
_c22410 _d22410 |
||